000 02263nam a22002897a 4500
999 _c62702
_d62702
003 Ge_BSU
005 20250127105843.0
008 250127s2021 ge ||||| |||| 00| 0 geo d
020 _a9789941978449
041 _ageo
080 _a37 ნ-19
100 _aნათბრაუნი, ქესი
_913633
245 _aადრეული განათლება :
_bისტორია, ფილოსოფია და გამოცდილება /
_cქესი ნათბრაუნი, პიტერ ქლოფი; ქართულ ენაზე თარგმნა მაია ბოლქვაძემ ; მთ. რედაქტორები: ლელა თავდგირიძე, ნატო შეროზია; რედაქტორი ნინო ჯიჯავაძე; კორექტორი ია ხასაია.
250 _aმე-2 გამოცემა.
264 _aთბილისი :
_bსამშობლო,
_c2021.
300 _a320 გვ. ;
_b20 სმ.
500 _aწიგნის საწყისი გვერდი ინგლისურ ენაზე. საძიებლები: გვ. 313-320.
501 _aწიგნის თარგმნა განხორციელდა აჭარის ა.რ. განათლების, კულტურისა და სპორტის სამინისტროს "უმაღლესი განათლების ხელშეწყობის" პროგრამის ფარგლებში.
504 _aბიბლიოგრაფია: გვ. 289-312.
700 _aქლოფი, პიტერ
_eავტორი
_913634
700 _aბოლქვაძე, მაია
_eმთარგმნელი
_913635
700 _aთავდგირიძე, ლელა
_eმთ. რედაქტორი
_91294
700 _aშეროზია, ნატო
_e მთ. რედაქტორი
_99358
700 _aჯიჯავაძე, ნინო
_eრედაქტორი
_913636
700 _aხასაია, ია
_eკორექტორი
_910725
942 _2udc
_cᲬᲘᲒᲜᲘ